Martha speaks : (Record no. 6608)

MARC details
000 -LEADER
fixed length control field 01587nam a22003017a 4500
001 - CONTROL NUMBER
control field 6608
003 - CONTROL NUMBER IDENTIFIER
control field FISKH
005 - DATE AND TIME OF LATEST TRANSACTION
control field 20250714102226.0
008 - FIXED-LENGTH DATA ELEMENTS--GENERAL INFORMATION
fixed length control field 250513b cb ||||| |||| 00| 0 eng d
020 ## - INTERNATIONAL STANDARD BOOK NUMBER
International Standard Book Number 9780547210759
040 ## - CATALOGING SOURCE
Original cataloging agency FISKH
Language of cataloging eng
Transcribing agency FISKH
Modifying agency FISKH
050 ## - LIBRARY OF CONGRESS CALL NUMBER
Classification number PZ7.M5688 L
082 ## - DEWEY DECIMAL CLASSIFICATION NUMBER
Classification number 578
100 ## - MAIN ENTRY--PERSONAL NAME
Personal name Meyer, Flaschner Emily
245 ## - TITLE STATEMENT
Title Martha speaks :
Remainder of title Leader of the pack /
Statement of responsibility, etc. Adaptation by Emily Flaschner Meyer ; Based on the TV series teleplay written by Ken Scarborough ; Based on the characters created by Susan Meddaugh
250 ## - EDITION STATEMENT
Edition statement This edition first published in 2010
260 ## - PUBLICATION, DISTRIBUTION, ETC.
Place of publication, distribution, etc. New York :
Name of publisher, distributor, etc. Houghton Mifflin,
Date of publication, distribution, etc. 2010
300 ## - PHYSICAL DESCRIPTION
Extent 23 pages :
Other physical details color illustrations ;
Dimensions 21 cm
505 ## - FORMATTED CONTENTS NOTE
Formatted contents note N<br/>
520 ## - SUMMARY, ETC.
Summary, etc. Juvenile Fiction. HTML:After being excluded from Helen's family-tree school project because she isn't a human family member, Martha decides to get in touch with her own roots. What better way to do that than to live in the wild like her wolf ancestors? Martha succeeds in convincing the neighborhood dogs to join her pack, but getting them to stay is a different story. How can sleeping on the cold, hard ground and hunting squirrels compete with comfy armchairs and gourmet dog food dinners? If her dog pack deserts her, will Martha's best friend Helen welcome her back to the family? Includes fun vocabulary-building activities.<br/>
521 8# - TARGET AUDIENCE NOTE
Target audience note 540<br/>
Source Lexile<br/>
521 8# - TARGET AUDIENCE NOTE
Target audience note N<br/>
Source Raz-plus<br/>
650 ## - SUBJECT ADDED ENTRY--TOPICAL TERM
Source of heading or term Dogs
Topical term or geographic name entry element Behavior
650 ## - SUBJECT ADDED ENTRY--TOPICAL TERM
Source of heading or term Fiction
Topical term or geographic name entry element Sort 2010
700 ## - ADDED ENTRY--PERSONAL NAME
Personal name Meddaugh, Susan
Dates associated with a name illustrator
942 ## - ADDED ENTRY ELEMENTS (KOHA)
Source of classification or shelving scheme Dewey Decimal Classification
Koha item type Books
Suppress in OPAC No
Holdings
Withdrawn status Lost status Source of classification or shelving scheme Damaged status Not for loan Collection Home library Current library Shelving location Date acquired Total Checkouts Full call number Barcode Date last seen Copy number Price effective from Koha item type
    Dewey Decimal Classification     Juvenile Fiction Footprints International School Library Network Toul Kork Campus Footprints International School Library Network Toul Kork Campus TK Primary Library Room(4th Floor), Bookcase 3&4, Shelves 17-32, Yellow Books 07/14/2025   MEY 578 PZ7.M5688 L FISTK00964 07/14/2025 2 07/14/2025 Books
    Dewey Decimal Classification     Juvenile Fiction Footprints International School Library Network Toul Tom Poung Campus Footprints International School Library Network Toul Tom Poung Campus TTP Primary Yellow Bookshelves 05/13/2025   MEY 578 PZ7.M5688 L 2025-1304 05/13/2025 1 05/13/2025 Books